Hotel (All Lyrics) - Montell Fish - Statistics

General Stats
  • This quiz has been taken 18 times
  • The average score is 122 of 168
Answer Stats
Answer % Correct
hotel
100%
Hotel
100%
I
100%
in
100%
in,
100%
me,
100%
me
100%
met
100%
room
100%
that
100%
When
100%
you
100%
You
100%
could
86%
so
86%
tell
86%
And
71%
bad
71%
But
71%
keep
71%
messing
71%
new
71%
news
71%
to
71%
with
71%
ya,
71%
ya
71%
back
57%
my
57%
My
57%
now
57%
this
57%
This
57%
were
57%
what
57%
you're
57%
don't
43%
going
43%
just
43%
know
43%
love
43%
the
43%
Better
29%
put
29%
Girl,
14%
girl
14%
hell
14%
myself,
14%
than
14%
No matching quizzes found
Score Distribution
Percent of People with Each Score
Percentile by Number Answered
Your Score History
You have not taken this quiz